| 000 | 00484nam a22001697a 4500 | ||
|---|---|---|---|
| 005 | 20251108164049.0 | ||
| 008 | 250721s1982 xx 000 0 ara d | ||
| 082 | 1 | 4 | _a152/شتا |
| 100 | 1 | _aشتاينكرون، بيتر | |
| 245 | 1 | 0 | _aالتكنولوجية / |
| 264 | 1 |
_aالقاهرة : _bدار الهلال، _c1982. |
|
| 300 | _a210ص | ||
| 490 | 0 | _aسلسلة كتاب الهلال | |
| 650 | 1 | 7 | _aعلم النفس الفسيولوجي |
| 942 |
_2ddc _cBK |
||
| 999 |
_c2692 _d2692 |
||